00287nam a2200097Ia 4500008004100000082001500041100001700056245006100073260004600134300000900180210430s9999 xx 000 0 und d a030 A122 C aSeema Abbasi aConcise Encyclopaedia of General KnowledgecSeema Abbasi aIslamabadbNational Book Foundationc2004 a585p